The transformation of economies in Central and Eastern Europe (Record no. 60291)

MARC details
000 -LEADER
fixed length control field 00568nam a2200157 a 4500
008 - FIXED-LENGTH DATA ELEMENTS--GENERAL INFORMATION
fixed length control field 120416s0000 ||||||||||||||||| || u
020 ## - INTERNATIONAL STANDARD BOOK NUMBER
International Standard Book Number 0821318705
050 ## - LIBRARY OF CONGRESS CALL NUMBER
Classification number IBRD(08)PRS
100 ## - MAIN ENTRY--PERSONAL NAME
Personal name Gelb, Alan H
245 14 - TITLE STATEMENT
Title The transformation of economies in Central and Eastern Europe
246 ## - VARYING FORM OF TITLE
Title proper/short title issues, progress, and prospects
260 ## - PUBLICATION, DISTRIBUTION, ETC.
Place of publication, distribution, etc. Washington, D.C.
Name of publisher, distributor, etc. World Bank
Date of publication, distribution, etc. 1991
300 ## - PHYSICAL DESCRIPTION
Extent v, 74p. : ill.
350 ## - PRICE (NR) (BK AM CF MU VM SE) [OBSOLETE]
Price 0.00
995 ## - RECOMMENDATION 995 [LOCAL, UNIMARC FRANCE]
-- 0.00
-- CBU-MAIN LIBRARY (Kitwe)
-- 1
-- 0.00
-- AVAILABLE
-- International Publications
Holdings
Withdrawn status Lost status Source of classification or shelving scheme Damaged status Not for loan Home library Current library Shelving location Date acquired Total Checkouts Full call number Barcode Date last seen Price effective from Koha item type
          CBU-MAIN LIBRARY, KITWE. CBU-MAIN LIBRARY, KITWE.   11/30/2022   IBRD(08)PRS 9005192 11/30/2022 11/30/2022 MONOGRAPH